000 00924nam a2200217 4500
005 20260330090804.0
008 220914b ||||| |||| 00| 0 eng d
020 _a9786214063079
082 _2
_aDFil 150 Al524 2021
_b
100 _aAllanigue, Ma. Allene P.
_945963
245 _aReviewer for licensure examination for psychometrician /
_cMa. Allene P. Allanigue, Hazel Veronica S. Malazarte and Cleto L. Dometita Jr.,; Ryan B. Corona and Nhorly U. Domenden, consultants.
260 _aManila :
_bMindshapers Co., Inc.,
_c©2021.
300 _ax, 254 pages ;
_c25 cm.
650 _aPsychology
_xExaminations.
_945964
650 _aExaminations
_xStudy guides.
_945965
700 _aMalazarte, Hazel Veronica S.
_eauthor.
_945966
700 _aDometita, Cleto L. Jr.,
_eauthor.
_945967
700 _aCorona, Ryan B.
_econsultant.
_917432
700 _aDomenden, Nhorly U.
_econsultant.
_945968
942 _2ddc
_cDFIL
999 _c17278
_d17278